000 00210 a2200097 4500
001 2082
100 _aWang, C
245 _aElementary theory of structures.
260 _a
_bMc Graw Hill
_c
090 _c1538
_d1538
942 _aNUST-CAE
_cM
_c5980
999 _c237155
_d237155